| 000 -LEADER |
| fixed length control field |
00797nam a22002177a 4500 |
| 008 - FIXED-LENGTH DATA ELEMENTS--GENERAL INFORMATION |
| fixed length control field |
150609b xxu||||| |||| 00| 0 eng d |
| 020 ## - INTERNATIONAL STANDARD BOOK NUMBER |
| International Standard Book Number |
9789280811209 |
| 041 0# - LANGUAGE CODE |
| Language code of text/sound track or separate title |
ENG |
| 080 ## - UNIVERSAL DECIMAL CLASSIFICATION NUMBER |
| Universal Decimal Classification number |
628 |
| 100 ## - Rafti |
| Rafti |
Libor Jansky and Juha I. Uitto |
| 245 00 - TITLE STATEMENT |
| Title |
Enhancing participation and governance in water resources management : |
| Statement of responsibility, etc |
edited by Libor Jansky and Juha I. Uitto. |
| 260 ## - |
| -- |
Tokyo ; |
| -- |
New York : |
| -- |
United Nations University Press, |
| -- |
c2005. |
| 300 ## - |
| -- |
xi, 222 p. : |
| -- |
me il. ; |
| -- |
24 cm. |
| 490 ## - |
| -- |
Water resources management and policy |
| 650 #0 - |
| -- |
Sherbimet ujore |
| -- |
Menaxhim |
| 650 #0 - |
| -- |
Zhvillimi i burimeve ujore |
| 650 #0 - |
| -- |
Teknologjia informative |
| 700 1# - |
| -- |
Jansky, Libor. |
| 700 1# - |
| -- |
Uitto, Juha I. |
| 942 ## - ADDED ENTRY ELEMENTS (KOHA) |
| Source of classification or shelving scheme |
|
| Item type |
Books |